000 00473nam a22001697a 4500
005 20180707145120.0
008 160525b xxu||||| |||| 00| 0 eng d
020 _a81-7629-370-9
041 _aeng
082 _b4912
_a658.15
100 _aRao, P. Mohana and Hyderabad, R.L.
_94480
245 _aFINANCIAL SERVICES:Text , cases and strategies
260 _aNew Delhi
_bDEEP & DEEP PUBLICATION PVT. LTD
_c2002
300 _a344p,
650 _aManagement
_9241
942 _cBK
999 _c1717
_d1716